00773cam a22001818i 450000500170000002000180001708200160003510000250005124500780007626000380015430000140019250400510020652002410025765000230049865000260052165000190054765000250056620250910144515.0 a978103275158000a306.2 LEG/C1 aLéger, Marc James,10aClass struggle and identity politics :ba guide /cby Marc James Léger. a. - New Yorkb: Routledgec, 2024 a268 pages aIncludes bibliographical references and index. a"Class Struggle and Identity Politics explores the historical, cultural, political and economic developments since the postwar era, providing the reader with everything they wanted to know but were afraid to ask about the campus wars"-- 0aIdentity politics. 0aPolitics and culture. 0aSocial classes 0aPolitical sociology.